LEADER 01357nam a2200265 u 4500 001 000000092371 003 CaOOAMICUS 005 20150626115957.0 008 060607s1985 it bf u000 u ita r 035 $a11091826 040 $aPUL$bita 100 1 $aCardini, Franco,$d1940-$0(OLS)http://pul/name/5528 245 13$aIl Barbarossa :$bVita, trionfi e illusioni di Federico I imperatore /$cFranco Cardini. 260 $aMilano :$bMondadori, Biblioteca storica,$c1985. 300 $a396 p. :$bc. geogr. ;$c23 cm 490 1 $aBiblioteca storica. Il Medioevo ;$v14 500 $aEdizione speciale per "Il Giornale", pubblicata su licenza di Mondadori Libri, desunta dall'edizione del 1985. 504 $a"Nota bibliografica": p. 377-396. 600 04$aFriedrich$bI,$cBarbarossa, imperatore del Sacro romano impero,$dc. 1123-1190$xBiografia.$0(OLS)http://pul/subject/29826 830 0$aBiblioteca storica (Il Giornale)$p[Medioevo] ;$v14.$0(OLS)http://pul/title/131613 850 $aPUL 852 $aPUL$W1$xDP2 Filosofia 3$y112$m940.1/COLL/2.14$j116193$nBK-PRI$qDDC 21$B116193$CPULBib$Z2$F116193 $HPUL101046 $81 941 1 $a8 996 $6245$aIl Barbarossa :$bVita, trionfi e illusioni di Federico I imperatore$9(OLS)http://pul/title/119211 996 $6260$aMilano :$bMondadori, Biblioteca storica$9(OLS)http://pul/publisher/79096 LEADER 01173nam a2200277 a 4500 001 000000130981 003 CaOOAMICUS 005 20121012140649.0 008 121012s1974 it b u000 u ita r 040 $aPUL$bita 100 1 $aBloch, Marc Léopold Benjamin,$d1886-1944.$0(OLS)http://pul/name/39982 245 10$aLavoro e tecnica nel Medioevo /$cMarc Bloch ; prefazione di Gino Luzzatto. 260 $aBari :$bLaterza,$c1974. 300 $a262 p. ;$c18 cm. 490 1 $aUniversale Laterza ;$v103 650 14$aStoria economica$yMedioevo, 500-1500.$0(OLS)http://pul/subject/9896 650 4$aLavoro$xAspetti economici e sociali$yEvo medio.$0(OLS)http://pul/subject/16718 700 1 $aLuzzatto, Gino,$d1878-1964.$0(OLS)http://pul/name/3500 830 0$aUniversale Laterza ;$v103.$0(OLS)http://pul/title/569 850 $aPUL 852 $aPUL$W1$xDP1 Fondo E. Rossi$y115$m1 B 94$j151354$qFondi$B150152$CPULBib$Z2$F150152 $82 941 1 $a1 961 $aSul dorso collocazione ms. di E. Rossi: B 60 996 $6245$aLavoro e tecnica nel Medioevo$9(OLS)http://pul/title/133549 996 $6260$aBari :$bLaterza$9(OLS)http://pul/publisher/47895